ordinances Nos. : No.5 of 1910.An ordinance To Amend The Law With Regard To The Importation,Sale,And Distribution of Opium,And To Prohibit The Possession And Sale of Bhang And Ganja. (As Amended By No.17 of 1911* And No.8 of 1912.) (Record no. 51209)
[ view plain ]
| 000 -LEADER | |
|---|---|
| fixed length control field | 00794nam a2200145Ia 4500 |
| 008 - FIXED-LENGTH DATA ELEMENTS--GENERAL INFORMATION | |
| fixed length control field | 180921t xxu||||| ||||o00| 0 eng d |
| 041 ## - LANGUAGE CODE | |
| Language code of text/sound track or separate title | English |
| 080 ## - UNIVERSAL DECIMAL CLASSIFICATION NUMBER | |
| Universal Decimal Classification number | Vol.3 1900-1913 |
| 942 ## - ADDED ENTRY ELEMENTS (KOHA) | |
| Koha item type | Books |
| 003 - CONTROL NUMBER IDENTIFIER | |
| control field | LK-CoDNM |
| 040 ## - CATALOGING SOURCE | |
| Original cataloging agency | LK-CoDNM |
| Modifying agency | LK-CoDNM |
| Description conventions | LK-CoDNM |
| 245 ## - TITLE STATEMENT | |
| Title | ordinances Nos. : No.5 of 1910.An ordinance To Amend The Law With Regard To The Importation,Sale,And Distribution of Opium,And To Prohibit The Possession And Sale of Bhang And Ganja. (As Amended By No.17 of 1911* And No.8 of 1912.) |
| 300 ## - PHYSICAL DESCRIPTION | |
| Extent | p.579-592, 23 cm |
| 500 ## - GENERAL NOTE | |
| General note | *Notified From May 17,1912,By Notification Of May 15,1912,In Gazette No.6,503 Of May 17,1912.-Edd.;+See Proclamations Dated June 28,1910,In Gazette No.6,388 Of June 28,1910(Sections 11,15,16) ;September 1,1910 In Gazette No.6,400 Of September 2,1910 (Sect |
| Withdrawn status | Lost status | Damaged status | Not for loan | Collection code | Permanent Location | Current Location | Date acquired | Full call number | Koha item type |
|---|---|---|---|---|---|---|---|---|---|
| Government Publications | Library National Museum Colombo - Sri Lanka | Library National Museum Colombo - Sri Lanka | 2013-04-26 | Vol.3 1900-1913 | Books |


